[Event "Lisbon Portugal op"]
[Site "Lisbon"]
[Date "2020.01.25"]
[Round "1"]
[White "Guerreiro, Paulo Jorge Leitao"]
[Black "Taboas Rodriguez, Daniel"]
[Result "0-1"]
[WhiteElo "1757"]
[BlackElo "2348"]
[PlyCount "55"]
[EventDate "2020.01.25"]
[EventType "swiss"]
[EventRounds "9"]
[EventCountry "POR"]
[SourceTitle "CBM 194"]
[Source "ChessBase"]
[SourceDate "2020.01.27"]
[SourceVersion "1"]
[SourceVersionDate "2020.01.27"]
[SourceQuality "1"]

1. c4 Nf6 2. Nc3 g6 3. g3 Bg7 4. Bg2 0-0 5. d3 e5 6. e3 c6 7. Nf3 Re8 8. 0-0 d5 9. cxd5 cxd5 10. e4 d4 11. Nb1 Nc6 12. a3 Rf8 13. Nc3 Re8 14. Nb1 a5 15. Bg5 Qb6 16. Qc2 Be6 17. Nbd2 Rac8 18. Rac1 Nb4 19. Qb1 Rxc1 20. Rxc1 Ba2 21. Qa1 Nxd3 22. Bxf6 Bxf6 23. Rc2 Be6 24. Bf1 Nc5 25. Qc1 Nb3 26. Nxb3 Qxb3 27. Rc5 Qxf3 28. Rc2 0-1

[Event "Lisbon Portugal op"]
[Site "Lisbon"]
[Date "2018.02.03"]
[Round "1"]
[White "Risting, Eivind Olav"]
[Black "Guerreiro, Paulo Jorge Leitao"]
[Result "1-0"]
[WhiteElo "2308"]
[BlackElo "1796"]
[PlyCount "45"]
[EventDate "2018.02.03"]
[EventType "swiss"]
[EventRounds "9"]
[EventCountry "POR"]
[SourceTitle "EXT 2019"]
[Source "ChessBase"]
[SourceDate "2018.10.10"]
[SourceVersion "1"]
[SourceVersionDate "2018.10.10"]
[SourceQuality "1"]

1. d4 d5 2. c4 c6 3. Nf3 Bf5 4. Nc3 dxc4 5. e4 Bg6 6. Bxc4 e6 7. 0-0 Nf6 8. Qe2 Be7 9. Bf4 0-0 10. Rfd1 b5 11. Bd3 b4 12. Na4 Nbd7 13. Rac1 Rc8 14. Ba6 Bxe4 15. Bxc8 Qxc8 16. Ne5 Bd5 17. b3 Ne4 18. f3 Nd6 19. Qe1 Nb5 20. Nxc6 Bxc6 21. d5 Qa6 22. Rxc6 Qb7 23. Rcc1 1-0

[Event "POR-ch Seniors 50+"]
[Site "Luso"]
[Date "2017.04.12"]
[Round "5"]
[White "Guerreiro, Paulo Jorge Leitao"]
[Black "Pinto, Antonio Manuel Font"]
[Result "1-0"]
[WhiteElo "1803"]
[BlackElo "1560"]
[PlyCount "73"]
[EventDate "2017.04.09"]
[EventType "swiss"]
[EventRounds "5"]
[EventCountry "POR"]
[SourceTitle "EXT 2018"]
[Source "ChessBase"]
[SourceDate "2017.10.13"]
[SourceVersion "1"]
[SourceVersionDate "2017.10.13"]
[SourceQuality "1"]

1. c4 e5 2. g3 g6 3. Bg2 Bg7 4. Nc3 Nc6 5. d3 d6 6. e3 Be6 7. Nge2 Nge7 8. 0-0 Qd7 9. Rb1 Bh3 10. b4 Bxg2 11. Kxg2 0-0 12. Nd5 Rfe8 13. b5 Nd8 14. e4 Nxd5 15. cxd5 c6 16. bxc6 bxc6 17. Nc3 c5 18. Qa4 Qxa4 19. Nxa4 f5 20. f3 Rc8 21. Nb2 Nf7 22. Nc4 Rb8 23. Bd2 Bf8 24. Na5 Rb6 25. Nc6 Ra6 26. Ba5 c4 27. dxc4 fxe4 28. fxe4 Rc8 29. Rb5 h5 30. a3 Nh6 31. h3 Nf7 32. h4 g5 33. Rc1 g4 34. Nb4 Bh6 35. Rc2 Rxa5 36. Rxa5 Be3 37. Nc6 1-0

[Event "Lisbon Portugal op"]
[Site "Lisbon"]
[Date "2017.02.09"]
[Round "8"]
[White "Mendes, Modeste"]
[Black "Guerreiro, Paulo Jorge Leitao"]
[Result "1-0"]
[WhiteElo "1999"]
[BlackElo "1781"]
[PlyCount "77"]
[EventDate "2017.02.04"]
[EventType "swiss"]
[EventRounds "9"]
[EventCountry "POR"]
[SourceTitle "CBM 176 Extra"]
[Source "ChessBase"]
[SourceDate "2017.03.02"]
[SourceVersion "1"]
[SourceVersionDate "2017.03.02"]
[SourceQuality "1"]

1. d4 d5 2. c4 c6 3. Nc3 Nf6 4. Bf4 dxc4 5. e3 b5 6. a4 b4 7. Bxc4 bxc3 8. Qb3 e6 9. Bxb8 Qa5 10. Kf1 cxb2 11. Qxb2 Ba6 12. Bxa6 Qxa6+ 13. Ne2 Be7 14. Be5 0-0 15. g4 Nd7 16. Bg3 c5 17. Kg2 Rac8 18. Qb5 Qc6+ 19. f3 Nb6 20. e4 cxd4 21. Nxd4 Qc3 22. Ne2 Qd2 23. Rhd1 Qb4 24. Rdb1 Qd2 25. Bf4 Qd8 26. a5 Rc5 27. Qa6 Nc4 28. Rd1 Qa8 29. Rd7 Rc6 30. Qxa7 Bf6 31. Ra4 g5 32. Bc1 Ne5 33. Rb7 Qc8 34. Ba3 Rd8 35. Rd4 Rc2 36. Rxd8+ Qxd8 37. Rb8 Rxe2+ 38. Kf1 Rd2 39. Rxd8+ 1-0